Legends of the fall / (Record no. 18046)
[ view plain ]
| 000 -LEADER | |
|---|---|
| fixed length control field | 00631nam a22002297a 4500 |
| 001 - CONTROL NUMBER | |
| control field | 11648375 |
| 003 - CONTROL NUMBER IDENTIFIER | |
| control field | OSt |
| 005 - DATE AND TIME OF LATEST TRANSACTION | |
| control field | 20200304104024.0 |
| 007 - PHYSICAL DESCRIPTION FIXED FIELD--GENERAL INFORMATION | |
| fixed length control field | mrucbaafs |
| 008 - FIXED-LENGTH DATA ELEMENTS--GENERAL INFORMATION | |
| fixed length control field | 950501s1994 xxu134 mleng |
| 010 ## - LIBRARY OF CONGRESS CONTROL NUMBER | |
| LC control number | 95506278 |
| 015 ## - NATIONAL BIBLIOGRAPHY NUMBER | |
| Source | Fiction. |
| 017 ## - COPYRIGHT OR LEGAL DEPOSIT NUMBER | |
| Copyright or legal deposit number | PA735-974 |
| Assigning agency | U.S. Copyright Office |
| 040 ## - CATALOGING SOURCE | |
| Original cataloging agency | MMU |
| Transcribing agency | MMU |
| Modifying agency | MMU |
| Language of cataloging | eng |
| 245 00 - TITLE STATEMENT | |
| Title | Legends of the fall / |
| Statement of responsibility, etc. | Susan Shilliday and Bill Wittliff. |
| 257 ## - COUNTRY OF PRODUCING ENTITY | |
| Country of producing entity | U.S. |
| 260 ## - PUBLICATION, DISTRIBUTION, ETC. (IMPRINT) | |
| Place of publication, distribution, etc. | United States : |
| Name of publisher, distributor, etc. | TriStar Pictures, |
| Date of publication, distribution, etc. | 1994. |
| 650 #0 - SUBJECT ADDED ENTRY--TOPICAL TERM | |
| Topical term or geographic name as entry element | Brothers |
| 700 1# - ADDED ENTRY--PERSONAL NAME | |
| Personal name | Zwick, Edward, |
| 906 ## - LOCAL DATA ELEMENT F, LDF (RLIN) | |
| a | 7 |
| b | cbc |
| c | orignew |
| d | u |
| e | ncip |
| f | 19 |
| g | y-movingim |
| 942 ## - ADDED ENTRY ELEMENTS (KOHA) | |
| Source of classification or shelving scheme | Library of Congress Classification |
| Koha item type | L |
| Withdrawn status | Lost status | Source of classification or shelving scheme | Damaged status | Not for loan | Home library | Current library | Date acquired | Source of acquisition | Total Checkouts | Full call number | Barcode | Date last seen | Date last checked out | Price effective from | Koha item type |
|---|---|---|---|---|---|---|---|---|---|---|---|---|---|---|---|
| Library of Congress Classification | Maasai Mara University Library -Main Campus | Maasai Mara University Library -Main Campus | 07/08/2016 | Donation | 1 | Fic. PR6470 .H377 1978 | 201516757 | 06/14/2021 | 06/14/2021 | 07/08/2016 | L | ||||
| Library of Congress Classification | Maasai Mara University Library -Main Campus | Maasai Mara University Library -Main Campus | 07/15/2016 | Donation | 6 | Fic. PR6470 .H377 1978 | 201516922 | 05/31/2024 | 05/30/2024 | 07/15/2016 | L |